000 02580nam2a2200349 4500
001 RU\NLR\BIBL_A\022754524
005 20260607073014.0
035 _a(NLR Aleph) 022754524
090 _a13637829
_c13637829
100 _a20060306d1913 u y0rusy50 ca
101 1 _arus
_cgrc
102 _aRU
105 _ay w 000yd
200 0 _aТ. 2
210 _d1913
215 _a760, IV с.
327 1 _aСодерж. наставления св. отцов: Святый Иоанн Кассиан, Преподобный Исихий, пресвитер иерусалимский, Преподобный Нил Синайский, Святый Ефрем Сирианин, Святый Иоанн Лествичник, Святые Преподобные отцы Варсануфий и Иоанн, Преподобный Авва Дорофей, Святый Исаак Сирианин
461 0 _1001v19\rc\1223221
_12001#$aДобротолюбие$eв русском переводе, дополненное$e[сборник духовных наставлений]$vТ. 2
_93676300
_cМосква
_d1895–1913
_e3-е изд., иждивением Русскаго на Афоне Пантелеймонова монастыря
_nТипо-Литография И. Ефимова
_oв русском переводе, дополненное : [сборник духовных наставлений]
_tДобротолюбие
_vТ. 2
701 0 _7ca
_8rus
_aИоанн Кассиан Римлянин
_cсвятой
_f4-5 вв.
_9216594
_3RU\NLR\AUTH\770216650
701 0 _7ca
_8rus
_aИсихий Иерусалимский
_f2-я пол. 4 в.-ок.451
_9118912
_3RU\NLR\AUTH\779044
701 0 _8rus
_7ca
_aНил Синайский
_f-ок.450
_cепископ
_3RU\NLR\AUTH\7710002
_9119789
701 0 _8rus
_7ca
_aЕфрем Сирин
_cиеродиакон
_fок.306-378
_3RU\NLR\AUTH\773587
_9113582
701 0 _7ca
_8rus
_aИоанн Лествичник
_cигумен Синайского монастыря
_fок.525-ок.606
_9112619
_3RU\NLR\AUTH\772609
701 0 _7ca
_8rus
_aВарсонофий Великий
_cсвятой
_f-ок.540
_9118393
_3RU\NLR\AUTH\778488
701 0 _7ca
_8rus
_aИоанн из Газы
_cсвятой
_f-ок.530
_9123702
_3RU\NLR\AUTH\7714024
701 0 _7ca
_8rus
_aДорофей
_cсвятой
_f6 в.
_9119496
_3RU\NLR\AUTH\779684
701 0 _7ca
_8rus
_aИсаак Сирин
_cепископ
_f7 в.
_9117998
_3RU\NLR\AUTH\778079
852 _aNLR
_j18.186.3.45(2)
942 _cBOOK
980 _aNB